000 00259nam a2200097Ia 4500
001 1224392
005 20250827092925.0
008 250824s9999 xx 000 0 und d
245 0 _a TOPLAR KİMİN İÇİN YUVARLANIYOR
_cDAV PİLKEY
260 _bALTIN KİTAPLAR
999 _c1224392
_d1224392